header

Arts activities for children and young people in need (Record no. 247165)

MARC details
000 -LEADER
fixed length control field 01355nam a2200325Ia 4500
082 04 - DEWEY DECIMAL CLASSIFICATION NUMBER
Classification number 372.5
100 1# - MAIN ENTRY--AUTHOR NAME
Personal name Coholic, Diana,
245 10 - TITLE STATEMENT
Title Arts activities for children and young people in need
260 ## - PUBLICATION, DISTRIBUTION, ETC. (IMPRINT)
Place of publication London ;
-- Philadelphia :
Name of publisher Jessica Kingsley Publishers,
Year of publication 2010.
300 ## - PHYSICAL DESCRIPTION
Number of Pages 192 p. :
Other physical details ill.
650 #0 - SUBJECT ADDED ENTRY--TOPICAL TERM
Topical Term Arts
Topical Term Self-consciousness (Awareness)
Topical Term Self-esteem in children.
856 40 - ELECTRONIC LOCATION AND ACCESS
Uniform Resource Identifier http://site.ebrary.com/lib/rucke/Doc?id=10446987

No items available.

© 2026 Rongo University
Contact us: librarian | system librarian | Rongo university